Los Inocentes / (Registro nro. 12857)

Detalles MARC
000 -LIDER
fixed length control field 00881nam a22002657a 4500
003 - IDENTIFICACDOR DE NÚMERO DE CONTROL
control field DO-SdBPM
005 - DATE AND TIME OF LATEST TRANSACTION
control field 20250605070418.0
008 - ELEMENTOS DE LONGITUD FIJA
fixed length control field 171113b2003 sp ||| 00| 0 spa d
020 ## - ISBN
International Standard Book Number 8496200841
040 ## - FUENTE DE CATALOGACIÓN
Agencia que crea de manera original el registro DO-SdBPM
Idioma de catalogación spa
Agencia que realiza la transcripción BPMSU
082 #4 - NÚMERO DE CLASIFICACIÓN DECIMAL DE DEWEY
Classification number 833.8
Item number B863i 2003
Edition number 22
100 1# - ASIENTO PRINCIPAL -- NOMBRE PERSONAL
Nombre personal Broch, Hermann,
Fechas asociadas con el nombre 1886-1951.
240 10 - TITULO UNIFORME
Título uniforme Die Schuldlosen.
Idioma de una obra Español
245 10 - MENCIÓN DE TITULO
Título Los Inocentes /
Mención de responsabilidad Hermann Broch ; traducción: María Ángeles Grau.
260 ## - PUBLICACIÓN, DISTRIBUCIÓN, ETC. (PIE DE IMPRENTA)
Lugar de publicación, distribución, etc [Barcelona] :
Nombre del editor, distribuidor, etc. MDS Books/Mediasat,
Fecha de publicación, distribución, etc 2003.
300 ## - DESCRIPCIÓN FÍSICA
Extensión 224 p. ;
Dimensiones 22 cm.
490 0# - MENCIÓN DE SERIES
Mención de serie Las mejores novelas de la literatura universal contemporánea,
Volume/sequential designation 117
590 ## - NOTA LOCAL
Texto de la nota local Inventariado, 2025/VM
650 #4 - ENCABEZAMIENTO DE MATERIA--TEMÁTICO
Término temático o nombre geográfico como elemento de entrada Novela austriaca
650 #4 - ENCABEZAMIENTO DE MATERIA--TEMÁTICO
Término temático o nombre geográfico como elemento de entrada Mujeres
Subdivisión de forma Novela
700 1# - ASIENTO SECUNDARIO -- NOMBRE PERSONAL
Nombre personal Grau, María Ángeles,
Mención de responsabilidad traductor
700 1# - ASIENTO SECUNDARIO -- NOMBRE PERSONAL
Nombre personal Ibáñez, Andrés,
Mención de responsabilidad prólogo
910 ## - VALIDACIÓN
Validación VMateo V. Control de calidad. BPMSU
942 ## - ADDED ENTRY ELEMENTS (KOHA)
Source of classification or shelving scheme Dewey Decimal Classification
Koha item type Libros
Existencias
Withdrawn status Lost status Source of classification or shelving scheme Damaged status Not for loan Collection code Home library Current library Date acquired Source of acquisition Total Checkouts Full call number Barcode Date last seen Price effective from Koha item type
    Dewey Decimal Classification     Colección General Biblioteca Pública Metropolitana Salomé Ureña Biblioteca Pública Metropolitana Salomé Ureña 11/13/2017 Donación   BPMSU CG 833.8 B863i 2003 BPMSU17110163 11/13/2017 11/13/2017 Libros